000 00426nam a2200157Ia 4500
008 240729s9999 xx 000 0 und d
022 _a2777-5860
245 0 _aOpen Journal of Mathematical Optimization
260 _aFrance
260 _bUniversité de Montpellier
650 _a Mathematics
650 _aScience
856 _uhttps://doaj.org/toc/c907c1abe7f0445db6fc58c512727756
942 _2ddc
942 _cDOAJEJ
999 _c68959
_d68959
945 _a1
_bMadushi Gamage
_c1
_dMadushi Gamage